Geschichte des schulwesens der stadt Lauingen vom ausgange des mittelalters bis zum anfange des 19. jahrhunderts. (Record no. 19602)
[ view plain ]
| 000 -LEADER | |
|---|---|
| fixed length control field | 00981cam a22002291 4500 |
| 001 - CONTROL NUMBER | |
| control field | e 13001961 |
| 003 - CONTROL NUMBER IDENTIFIER | |
| control field | DLC |
| 005 - DATE AND TIME OF LATEST TRANSACTION | |
| control field | 20260227111201.0 |
| 008 - FIXED-LENGTH DATA ELEMENTS--GENERAL INFORMATION | |
| fixed length control field | 940429s1904 gw 000 0 ger c |
| 010 ## - LIBRARY OF CONGRESS CONTROL NUMBER | |
| LC control number | e 13001961 |
| 035 ## - SYSTEM CONTROL NUMBER | |
| System control number | (OCoLC)30352036 |
| 040 ## - CATALOGING SOURCE | |
| Original cataloging agency | Library, U.S. Bur. of Education |
| Transcribing agency | CU |
| Modifying agency | CU |
| -- | DLC |
| 042 ## - AUTHENTICATION CODE | |
| Authentication code | premarc |
| 050 00 - LIBRARY OF CONGRESS CALL NUMBER | |
| Classification number | L101.G3 |
| Item number | B4 heft 5 |
| 100 1# - MAIN ENTRY--PERSONAL NAME | |
| Personal name | Rückert, Georg. |
| 245 00 - TITLE STATEMENT | |
| Title | Geschichte des schulwesens der stadt Lauingen vom ausgange des mittelalters bis zum anfange des 19. jahrhunderts. |
| 260 ## - PUBLICATION, DISTRIBUTION, ETC. | |
| Place of publication, distribution, etc. | Berlin, |
| Name of publisher, distributor, etc. | A. Hofmann & komp., |
| Date of publication, distribution, etc. | 1904. |
| 300 ## - PHYSICAL DESCRIPTION | |
| Extent | 2 p. l., 72 p. |
| Dimensions | 26 cm. |
| 440 #0 - SERIES STATEMENT/ADDED ENTRY--TITLE | |
| Title | Beihefte zu den Mitteilungen der Gesellschaft für deutsche erziehungs- und schulgeschichte. Hrsg. von der Gesellschaft für deutsche erziehungs- und schulgeschichte, |
| Volume/sequential designation | 5. Beiträge zur geschichte der erziehung und des unterrichts in Bayern. [5. hft.] |
| 500 ## - GENERAL NOTE | |
| General note | Subseries title also at head of t.-p. |
| 650 #0 - SUBJECT ADDED ENTRY--TOPICAL TERM | |
| Topical term or geographic name entry element | Education |
| Geographic subdivision | Launingen |
| General subdivision | History. |
No items available.